000 00809nam a22002057a 4500
005 20240530110417.0
008 150308s2007 ua g 000 0 ara d
017 _a2007/23507
_bمصر . دار الكتب المصرية
020 _a9773681939
040 _aEG-CaGPL
082 0 4 _221
_a224.2\
_bم ت
100 0 _aمجدى محمد حسين
245 1 2 _aالتوجيه اللغوى لمشكل القران الكريم :
_bمعجم لغوى قرانى مريبا على سور المصحف /
_cمجدى محمد حسين
260 _aالاسكندرية :
_bمؤسسة حورس الدولية ،
_c[ 2007 ]
300 _a1005 ص ؛
_c24 سم
650 0 4 _aالقران
_vمعاجم
650 0 4 _aالقران
_xالفاظ
650 0 4 _aالقران ، علم
_vدوائر معارف
942 _2ddc
_cBK
999 _c60573
_d60573